Open Data Biblioteca Nacional de Portugal


República Portuguesa: Ministério da Cultura
Biblioteca Nacional de Portugal

Catálogo da BNP: acesso por Identificadores Unívocos
Registos Bibliográficos associados ao registo de autoridade

Etiqueta de registo: 00230nam 2200025 450
001 1749332
003 http://id.bnportugal.gov.pt/bib/catbnp/1749332
100 ## $a20100621d2008 k y0pory0103 ba
101 0# $apor$deng
102 ## $aPT
105 ## $aa m 000yy
106 ## $ar
200 1# $aGravação de redes de Bragg avançadas em fibra óptica$fCarlos Alberto Ferreira Marques
210 #9 $aAveiro$c[s.n.],$d2008
215 ## $a[18], 53 p.$cil.$d30 cm
215 ## $a1 disco óptico (CD-ROM) em caixa$d13 x 14 x 1 cm
305 ## $aEd. impressa e em CD-ROM
320 ## $aBibliografia, p. 47
328 #1 $aTese mestr. em Engenharia Física, Dep. de Física, Univ. de Aveiro, 2008
675 ## $a621.39(043)$vBN$zpor$3297878
675 ## $a535(043)$vBN$zpor$3297470
675 ## $a004.7(043)$vBN$zpor$3918097
700 #1 $aMarques,$bCarlos Alberto Ferreira$31425080
801 #0 $aPT$bBN$gRPC
966 ## $lBN$mDEM$sS.A. 46705 P.$x1
966 ## $lBN$mFGMON$sS.A. 133015 V.$x1

Etiqueta de registo: 00000nam 2200025 450
001 1879177
003 http://id.bnportugal.gov.pt/bib/catbnp/1879177
100 ## $a20140718d2013 k y0pory01030103ba
101 0# $aeng$dpor
102 ## $aPT
105 ## $aa m 000yy
106 ## $ar
200 1# $aComponentes em fibra ótica para comunicações óticas e sensores$dFiber-optic components for optical communications and sensing$fCarlos Alberto Ferreira Marques$gorient. Rogério Nunes Nogueira$zeng
210 #9 $aAveiro$c[s.n.],$d2013
215 ## $a[14], XIX, 266 p.$cil.$d30 cm
320 ## $aBibliografia, p. 239-266
328 #1 $aTese dout. Engenharia Física, Univ. de Aveiro, 2013
510 1# $aFiber-optic components for optical communications and sensing$zeng
675 ## $a535(043)$vBN$zpor$3297470
700 #1 $aMarques,$bCarlos Alberto Ferreira$31425080
702 #1 $92$aNogueira,$bRogério$4727$31413847
801 #0 $aPT$bBN$gRPC
966 ## $lBN$mFGMON$sS.A. 154919 V.$x1

Etiqueta de registo: 00254nam 2200025 450
001 2281042
003 http://id.bnportugal.gov.pt/bib/catbnp/2281042
100 ## $a20260317d2025 k y0pory01030103ba
101 0# $aeng$dpor
102 ## $aPT
105 ## $aa m 000yy
106 ## $ar
200 1# $aTriagem inovadora de problemas críticos no setor da aquacultura$dInnovative screening of critical issues in the aquaculture sector$fMaria Simone Fernandes Soares$gorient. Nuno Miguel Franco dos Santos, Carlos Alberto Ferreira Marques, Pedro Lúcio Maia Marques de Almeida$zeng
210 #9 $aAveiro$c[s.n.],$d2025
215 ## $a[7] f., XIX, 247 p.$cil.$d30 cm
328 ## $aTese dout. Engenharia Física, Universidade de Aveiro, 2025
510 1# $aInnovative screening of critical issues in the aquaculture sector$zeng
675 ## $a543.39(043)$vBN$zpor$31448315
675 ## $a639.3(053)$vBN$zpor$31994514
700 #1 $aSoares,$bMaria Simone Fernandes$31991882
702 #1 $aSantos,$bNuno Miguel Franco dos$4727$31750545
702 #1 $aMarques,$bCarlos Alberto Ferreira$4727$31425080
702 #1 $aAlmeida,$bPedro Lúcio Maia Marques de$4727$31236821
801 #0 $aPT$bBN$gRPC
966 ## $lBN$mFGMON$sS.A. 193428 V.$x1
971 ## $cisantos$d20260317
972 ## $e0$z0$d20260410$vlrevez
973 ## $cigoulao$d20260401

OpendataBNP@bnportugal.pt | Mais informação sobre acesso aos dados BNP